000 00659nam a2200193 i 4500
999 _c142965
_d142965
001 C2-0221330
003 PPAK
005 20190627013808.0
008 991024s1998 my |||| ||||| | may d
040 _aPPAK
_beng
_cPPAK
_erda
245 0 0 _aMajlis Pengkisahan Sejarah Dr. Mahathir Mohamad dan Sambutan Ulangtahun Perasmian Rumah Kelahiran Dr. Mahathir Mohamad
264 1 _aAlor Setar, Kedah :
_bPerbadanan Perpustakaan Awam Kedah ,
_c1998
300 _a46 pages ;
_c30 cm
336 _2rdacontent
_atext
337 _2rdamedia
_aunmediated
338 _2rdacarrier
_avolume
500 _aPK 271/93, PK 272/93 & PK 273/93 ; Transkripsi
942 _cB
_2ddc